header

The non-canonical gospels (Record no. 240348)

MARC details
000 -LEADER
fixed length control field 01295nam a2200349 a 4500
082 04 - DEWEY DECIMAL CLASSIFICATION NUMBER
Classification number 229/.806
245 04 - TITLE STATEMENT
Title The non-canonical gospels
260 ## - PUBLICATION, DISTRIBUTION, ETC. (IMPRINT)
Place of publication London ;
-- New York :
Name of publisher T & T Clark,
Year of publication 2008.
300 ## - PHYSICAL DESCRIPTION
Number of Pages xxiv, 201 p.
700 1# - ADDED ENTRY--PERSONAL NAME
Personal name Foster, Paul,
856 40 - ELECTRONIC LOCATION AND ACCESS
Uniform Resource Identifier http://site.ebrary.com/lib/rucke/Doc?id=10427233

No items available.

© 2026 Rongo University
Contact us: librarian | system librarian | Rongo university